00855cam a22002414a 450000500170000000800410001701000140005802000230007203500130009503700150010804000180012308200100014110000310015124500570018226000530023927000440029230000360033650000400037265000180041294200240043099900170045495201420047120080820115011.0080216s2008 ii b 001 0 eng  aENG-92078 a8189713019c175.00 aEN-75611 bDBAD / PUB adplbEnglish  a006.3 aArulselvi, A. Christiyana  aData mining-a primer /cby A. Christiyana Arulselvi  bPeace Trust (Newed Publication)c2008aDindigul  aH2/30, R.M. Colony, bDindigul e624001 aviii, 86p.:c21cm (pbk) bill.  aIncludes bibliographical references a Data mining. 2ddccENmARUh006.3 c19598d19598 00102ddc40718NFICaDBADbDBADd2008-12-10eDBAD / PUBg175.00l0o006.3 ARUpEN-75611r2008-12-10 00:00:00t1v175.00w2008-12-10yEN